| 000 | 01270nam a2200313Ia 4500 | ||
|---|---|---|---|
| 001 | ebr10255562 | ||
| 003 | CaPaEBR | ||
| 006 | m u | ||
| 007 | cr cn||||||||| | ||
| 008 | 030806s2003 si a sb 001 0 eng d | ||
| 020 | _z9789812383075 | ||
| 020 | _z9812383077 | ||
| 040 |
_aCaPaEBR _cCaPaEBR |
||
| 035 | _a(OCoLC)263148406 | ||
| 050 | 1 | 4 |
_aQC173.6 _b.O27 2003eb |
| 100 | 1 |
_aO'Donnell, Peter J., _d1964- |
|
| 245 | 1 | 0 |
_aIntroduction to 2-spinors in general relativity _h[electronic resource] / _cPeter O'Donnell. |
| 246 | 3 | _aIntroduction to two-spinors in general relativity | |
| 246 | 3 | _a2-spinors in general relativity | |
| 260 |
_aSingapore ; _aRiver Edge, NJ : _bWorld Scientific, _cc2003. |
||
| 300 |
_axii, 191 p. : _bill. |
||
| 504 | _aIncludes bibliographical references (p. 181-184) and index. | ||
| 533 |
_aElectronic reproduction. _bPalo Alto, Calif. : _cebrary, _d2009. _nAvailable via World Wide Web. _nAccess may be limited to ebrary affiliated libraries. |
||
| 650 | 0 | _aGeneral relativity (Physics) | |
| 650 | 0 | _aSpinor analysis. | |
| 655 | 7 |
_aElectronic books. _2local |
|
| 710 | 2 | _aebrary, Inc. | |
| 856 | 4 | 0 |
_uhttp://site.ebrary.com/lib/rucke/Doc?id=10255562 _zAn electronic book accessible through the World Wide Web; click to view |
| 999 |
_c33098 _d33098 |
||